[Event "12th Chennai Open 2020"]
[Site "Chennai"]
[Date "2020.01.19"]
[Round "1.12"]
[White "Vishnu Menon R"]
[Black "Yudin, Sergei"]
[Result "0-1"]
[WhiteElo "1898"]
[BlackElo "2508"]
[Annotator "TA"]
[PlyCount "86"]
[EventDate "2020.01.19"]
[EventType "swiss"]
[EventCountry "IND"]
[SourceTitle "playchess.com"]
[Source "ChessBase"]
[SourceQuality "1"]

{[%evp 17,108,29,31,25,41,37,35,46,56,41,62,0,0,-12,17,17,12,-25,-23,-18,-21,-30,5,-25,-17,-25,-14,-18,-16,-62,-11,-38,-31,-112,-78,-85,-56,-84,-84,-84,-84,-84,-84,-85,-92,-92,-92,-129,-121,-129,-119,-127,-122,-120,-116,-155,-169,-173,-154,-147,-154,-143,-111,-114,-109,-250,-254,-251,-245,-407,-408,-881,-815,-498,-802,-1007,-758,-2419,-2476,-2585,-2289,-29970,-29973,-29971,-29972,-29974,-29975,-29974,-29974,-29977,-29978,-29978,-29979]} 1. e4 d6 2. d4 Nf6 3. Nc3 e5 4. dxe5 dxe5 5. Qxd8+ Kxd8 6. Bg5 Be6 7. O-O-O+ Nbd7 8. f4 exf4 9. Nf3 h6 10. Bxf4 {B07: Pirc Defence: Miscellaneous Systems} Bc5 11. h3 Nh5 12. Bh2 {White is slightly better.} Be3+ 13. Kb1 {And now Ne5 would win.} Bf4 $1 14. Bxf4 (14. g4 $14 Bxh2 15. Rxh2) 14... Nxf4 $11 15. Ne5 (15. Nd5 {keeps more tension.} Ng6 16. g3 c6 17. Nf4 Ke7 18. Nd5+) 15... Kc8 (15... Ke7 {is more complex.} 16. Nxd7 Bxd7 17. g3 Ng6 18. Nd5+ Kd8) 16. Nxd7 Bxd7 17. Rd2 $146 ({Predecessor:} 17. Bc4 f6 {0-1 (39) Mustaps,M (2199)-Nguyen,N (2534) Batumi 2006}) 17... Ng6 18. Bc4 Ne5 19. Rhd1 f6 20. Bb3 c6 21. Ne2 Kc7 22. Nf4 Rhe8 23. Nd3 Rad8 ({Black should play} 23... Nxd3 $15 24. cxd3 Rad8) 24. Nxe5 Rxe5 25. Rd4 (25. Bf7 $15) 25... Re7 26. c3 Rf8 27. Bc2 c5 28. R4d2 Bc6 29. Re1 Rfe8 30. Rde2 Re5 31. g4 h5 32. Re3 hxg4 33. hxg4 Rh8 34. Bd1 Rh2 35. Bf3 Kd6 36. R1e2 Rxe2 37. Rxe2 $17 {[%mdl 4096] Endgame KRB-KRB} Rg5 38. Kc2 Ke5 39. Kd3 Bd7 40. Rf2 b6 41. Ke3 (41. Rg2 $17 {was called for.}) 41... Bxg4 $19 42. Rd2 {[#] aiming for Rd5+.} Be6 43. b3 $2 (43. a4 {keeps fighting.}) 43... c4 {Played: Rg5-g3} 0-1

[Event "12th Chennai Open 2020"]
[Site "Chennai"]
[Date "2020.01.19"]
[Round "1.13"]
[White "Stupak, Kirill"]
[Black "Arul Anandh S P K"]
[Result "1-0"]
[WhiteElo "2506"]
[BlackElo "1668"]
[Annotator "TA"]
[PlyCount "55"]
[EventDate "2020.01.19"]
[EventType "swiss"]
[EventCountry "IND"]
[SourceTitle "playchess.com"]
[Source "ChessBase"]
[SourceQuality "1"]

{[%evp 11,55,35,42,22,26,24,81,64,70,73,74,37,104,68,76,13,12,16,23,13,85,93,98,83,88,91,86,58,204,189,233,229,223,235,327,338,423,416,1479,1533,1886,1877,29991,29992,29992,29993]} 1. d4 Nf6 2. c4 e6 3. Nf3 d5 4. Nc3 Be7 5. Bg5 Ne4 6. Bxe7 Qxe7 7. Rc1 {D53: Queen's Gambit Declined: 4 Bg5 Be7: Early deviations} O-O 8. e3 b6 (8... Nf6 $11) (8... Nxc3 9. Rxc3 c6 10. Qc2 Nd7 11. Bd3 h6 12. cxd5 exd5 13. O-O Nf6 14. Nd2 Ne8 15. Rb1 Nd6 16. b4 Be6 17. a4 a6 18. Nb3 g6 19. Nc5 {½-½ (40) Volkov,S (2568)-Timofeev,A (2580) Khanty-Mansiysk 2018}) 9. cxd5 $16 {White is better.} Nxc3 10. Rxc3 exd5 11. Bd3 h6 $146 (11... g6 $14) ({Predecessor:} 11... c5 12. dxc5 bxc5 13. O-O Nd7 14. Qc2 g6 15. Bb5 Rb8 16. Bxd7 Bxd7 17. Rxc5 Rxb2 18. Qxb2 Qxc5 {1-0 (31) Petran,P (2384)-Frigieri,F (2148) Budapest 2011}) 12. Qc2 Na6 13. Bxa6 ({White should play} 13. Qa4 $16 Qb4 14. Qxb4 Nxb4 15. Kd2) 13... Bxa6 $11 14. Qa4 Qe4 {Hoping for ...Qb1+.} 15. Kd2 $36 {[%mdl 2048] White has the initiative.} Bc4 (15... Bc8 $11) 16. b3 $16 b5 {[#]} 17. Qa5 $1 b4 18. Qxb4 Rab8 19. Qc5 a5 {[#]} ({Better is} 19... Rb7 $14) 20. Rhc1 $1 $18 ({But not} 20. Qxc7 $6 a4 $16) 20... Bb5 21. a4 (21. Qxc7 $6 a4) 21... Bd7 22. Qxc7 Bh3 23. Qg3 ({Weaker is} 23. gxh3 Qxf3 24. Qg3 Qf6 $16) ({Resist} 23. Qxa5 Bxg2 24. Ne5 Qh4 $18) 23... Bf5 24. Ne5 {Black must now prevent f3.} f6 (24... Be6 $142 25. Nc6 Ra8) 25. f3 Qb1 26. Rxb1 Bxb1 27. Rc7 {[%csl Gc7][%cal Rg3g7]} g5 28. Qh3 {Accuracy: White = 65%, Black = 21%.} 1-0

[Event "12th Chennai Open 2020"]
[Site "Chennai"]
[Date "2020.01.19"]
[Round "1.14"]
[White "Anupam M Sreekumar"]
[Black "Venkatesh, M.R."]
[Result "1/2-1/2"]
[WhiteElo "1665"]
[BlackElo "2501"]
[Annotator "TA"]
[PlyCount "140"]
[EventDate "2020.01.19"]
[EventType "swiss"]
[EventCountry "IND"]
[SourceTitle "playchess.com"]
[Source "ChessBase"]
[SourceQuality "1"]

{[%evp 9,140,23,22,5,4,-5,6,-4,12,10,35,8,19,10,10,0,34,31,36,0,0,-1,28,31,20,22,19,14,22,15,54,-20,-20,-15,0,-42,0,-15,-7,-25,0,0,0,0,0,-67,-61,-111,-68,-115,-116,-225,-109,-109,-110,-323,-281,-1043,-112,-112,-117,-110,-110,-108,-110,-117,-116,-120,-116,-117,-102,-125,-125,-127,-60,-58,-44,-52,-46,-46,-47,-47,-38,-59,-59,-119,-119,-119,-119,-119,-119,-119,-119,-156,-156,-156,-157,-157,-156,-156,-110,-110,-110,-110,-110,-110,-110,-110,-75,-75,-75,-75,-75,-75,-75,-75,-8,-8,0,-75,0,-8,0,-75,0,-75,-75,-75,0,-75,0,-75,0]} 1. Nf3 Nf6 2. g3 b5 3. Bg2 Bb7 4. O-O e6 5. d3 Be7 6. b3 {A05: Réti Opening: 1 Nf3 Nf6} (6. e4 d6 7. Nfd2 e5 8. a4 a6 9. Nc3 c6 10. f4 Nbd7 11. Nf3 O-O 12. h3 Qc7 13. g4 Ne8 14. Ne2 exf4 15. Bxf4 {0-1 (45) Grischuk,A (2771)-Maghsoodloo,P (2688) St Petersburg 2018}) 6... O-O 7. Bb2 d5 8. Nbd2 {The position is equal.} Nbd7 9. c4 b4 10. Ne5 $146 ({Predecessor:} 10. cxd5 exd5 11. Rc1 c5 12. Nh4 Re8 13. Nf5 Bf8 14. d4 {0-1 (46) Mohamed,T (1987)-Ibrahim,H (2319) Cairo 2015}) 10... a5 11. Qc2 Nxe5 12. Bxe5 Nd7 13. Bb2 c6 14. Rad1 a4 15. e4 Qa5 16. d4 Rfd8 17. f4 Qa7 18. Kh1 a3 19. Ba1 c5 20. dxc5 (20. exd5 $14 exd5 21. Rfe1) 20... dxc4 $11 21. Nxc4 Nxc5 22. Bd4 Rac8 23. f5 exf5 24. Rxf5 Qa6 (24... h6 {looks sharper.} 25. Qd2 Bxe4 26. Bxe4 Nxe4 27. Bxa7 Nxd2 28. Rxd2 Rxd2 29. Nxd2 Rc2) 25. Bxc5 Rxd1+ 26. Qxd1 Rxc5 27. Rxc5 (27. Qd7 $1 $11 Qe6 28. Qxb7 Rxf5 29. Qa8+ (29. Bh3 Bf8 $11) 29... Bf8 30. Bh3 {[%mdl 64] Pin}) 27... Bxc5 $15 28. Qd8+ Bf8 29. Qc7 Qf6 30. h3 {[#]} (30. h4 $17 Qa1+ 31. Kh2 Qxa2 32. Qxb7 Qxb3 33. Ne5) 30... Qa1+ (30... Bxe4 $1 $19 {[%mdl 512] has better winning chances.} 31. Bxe4 Qa1+ {[%mdl 64] Double Attack} 32. Kh2 Qxa2+ {[%mdl 64] Double Attack} 33. Bg2 Qxb3) 31. Kh2 $17 Qxa2 {And now ...Bxe4 would win.} 32. Ne5 $2 (32. Qxb7 $17 Qxb3 33. Na5) 32... Qxb3 $19 {aiming for ...a2.} 33. Nd7 $2 (33. Qxb7 h6 34. Qa8) 33... Qa4 $2 (33... a2 $19 {and Black stays clearly on top.} 34. Qxb7 a1=Q) 34. Qxb7 $17 a2 35. Qc8 {[%csl Gd7][%cal Rc8f8] [#]} Qxd7 $1 {[%mdl 512]} 36. Qxd7 a1=Q {Hoping for ...b3.} 37. Qd5 Qc3 {White must now prevent ...b3.} 38. e5 Qe3 39. Qe4 Qb6 40. Qf5 g6 41. Qf4 Qb5 (41... Qc7 $17 42. e6 Qxf4 43. gxf4 fxe6) 42. Bf1 $1 $15 {[%cal Rf1b5]} Qa4 43. Bc4 Qc2+ 44. Kh1 Qd1+ 45. Kg2 Qd7 46. Qe4 Qd2+ 47. Kh1 ({White should play} 47. Kf1 $15) 47... Bc5 $17 {[#]} 48. Qf4 $1 {[%mdl 512]} Qxf4 $1 49. gxf4 {[%mdl 4096] Endgame KB-KB} Be3 50. e6 {[#]} fxe6 $1 51. Bxe6+ Kg7 52. f5 Kf6 53. Bg8 gxf5 54. Bxh7 b3 {[%cal Bb4b3,Bb3b2][%mdl 32] ( -> ...b2)} 55. Bg8 b2 56. Ba2 Ke5 57. Kg2 Bg5 58. Kf3 Kd4 59. Bb1 {[#]} f4 $1 60. Ke2 Kc3 61. Be4 Kb3 {Threatens to win with ...Ka2.} 62. Bb1 Bh4 (62... Bh6 $17) 63. Kf3 $11 Bg5 (63... Bg3 $11) 64. Ke2 $1 $17 Bh4 (64... Bh6 $17) 65. Kf3 $11 Bg5 (65... Bg3 $11) 66. Ke2 $1 $17 Kc3 67. Be4 $1 Bh6 68. Bf5 Bg5 69. Be4 $1 Bh6 70. Bf5 $1 Bg5 {Accuracy: White = 58%, Black = 41%.} ({Black should try} 70... Kd4 $17) 1/2-1/2

[Event "12th Chennai Open 2020"]
[Site "Chennai"]
[Date "2020.01.19"]
[Round "1.15"]
[White "Rios, Cristhian Camilo"]
[Black "Adireddy Tarun"]
[Result "1-0"]
[WhiteElo "2498"]
[BlackElo "1657"]
[Annotator "TA"]
[PlyCount "69"]
[EventDate "2020.01.19"]
[EventType "swiss"]
[EventCountry "IND"]
[SourceTitle "playchess.com"]
[Source "ChessBase"]
[SourceQuality "1"]

{[%evp 13,68,6,14,0,0,0,44,48,53,-29,4,0,6,2,13,-13,-13,-20,-24,-9,0,0,0,0,0,-31,25,-12,94,89,97,94,97,67,66,79,108,43,454,468,472,472,29978,224,2546,2221,29989,29990,29996,29972,29986,29987,29987,29988,29988,29989,29999]} 1. d4 Nf6 2. c4 e6 3. Nc3 Bb4 4. Qc2 O-O 5. e4 d5 6. e5 Ne4 7. Bd3 c5 8. Nf3 {E32: Nimzo-Indian: Classical (4 Qc2): 4...0-0} cxd4 9. Nxd4 dxc4 (9... Nd7 10. Bf4 Qh4 11. g3 Qh5 12. O-O g5 13. cxd5 Bxc3 14. bxc3 exd5 15. Be3 Nxe5 {1-0 (29) Mamedyarov,S (2772)-Gelfand,B (2684) Moscow 2019}) 10. Bxe4 {Black must now prevent Be3.White is slightly better.} Qxd4 11. Bxh7+ $146 ({Predecessor:} 11. O-O Qxe5 12. Bxh7+ Kh8 13. Be4 {0-1 (30) Billion,P (784)-Van Beele,J (976) LSS email 2013}) 11... Kh8 12. Be4 {White wants to play Bf4.} Nd7 $132 {[%mdl 2048] Black is not keeping still} 13. O-O Qxe5 14. Ne2 Nf6 15. Bf3 $1 Qc7 16. Bg5 Be7 17. Rac1 Ng4 {[%csl Gg4][%cal Rc7h2]} 18. Bf4 Ne5 19. Kh1 Bd6 (19... Qa5 $15) 20. Nc3 {Strongly threatening Nb5.} Bd7 (20... Nxf3 $11 21. Nb5 {[%mdl 64] Double Attack} Qc6 22. Bxd6 Rd8 23. Qxc4 Bd7) 21. Ne4 $16 {[%mdl 1024] White has strong compensation.} Be7 22. Qc3 f6 23. Bh5 {aiming for Qh3.} Qc6 24. Qh3 $1 {[%cal Rh5f7]} Kg8 {[#]} 25. Nd2 (25. Ng5 $1 $16 {[%mdl 512] Bf7+! would kill now.} fxg5 26. Bxe5) 25... Nf7 $2 {[%mdl 8192]} ({Black should try} 25... Be8 $1 $14) 26. Bg6 $18 {[%csl Gg6][%cal Rh3h7]} Rfd8 27. Nxc4 {And now Ne5! would win.} (27. Rxc4 Qd5 $16) 27... Qa6 {[#]} (27... Kf8 $18 28. Ne5 {[%mdl 64] Discovered Attack} fxe5) 28. Qh7+ (28. Qh5 Be8 $16) (28. Ne5 $142 $1 {[%mdl 512]} fxe5 29. Qh7+ Kf8 {[#]} 30. Bxe5 $1 {[%mdl 512]} Qxf1+ 31. Rxf1 Ba4 32. Qxg7+ {[%mdl 64] Double Attack} Ke8 33. Qxf7+ Kd7 34. b3) 28... Kf8 {[#]} 29. Ne5 $1 {[%mdl 512]} Be8 (29... fxe5 30. Bxe5) 30. Nxf7 {White mates.} Bxf7 31. Bh6 Bxg6 32. Qxg7+ Ke8 33. Qxg6+ Kd7 34. Rfd1+ Bd6 35. Qf7# {Accuracy: White = 43%, Black = 40%.} 1-0

[Event "12th Chennai Open 2020"]
[Site "Chennai"]
[Date "2020.01.19"]
[Round "1.16"]
[White "Deepak Raj R"]
[Black "Vasquez Schroeder, Rodrigo"]
[Result "0-1"]
[WhiteElo "1657"]
[BlackElo "2487"]
[Annotator "TA"]
[PlyCount "80"]
[EventDate "2020.01.19"]
[EventType "swiss"]
[EventCountry "IND"]
[SourceTitle "playchess.com"]
[Source "ChessBase"]
[SourceQuality "1"]

{[%evp 15,79,0,0,-9,6,0,0,-12,6,-20,-18,-16,-4,-22,-12,-20,-8,-31,-35,-38,-36,-48,-28,-75,-24,-77,-60,-63,-100,-481,-464,-1011,-735,-29984,-29985,-29985,-29986,-29986,-29987,-29987,-29988,-29988,-29989,-29987,-29988,-29993,-29991,-29991,-29992,-29992,-29992,-29993,-29992,-29992,-29993,-29994,-29992,-29992,-29993,-29993,-29994,-29994,-29995,-29997,-29998,-29999]} 1. d4 Nf6 2. Bf4 d5 3. e3 e6 4. Nf3 Bd6 5. Bg3 c5 6. c3 Qc7 7. Nbd2 Nbd7 8. Bd3 O-O 9. O-O {D02: 1 d4 d5 2 Nf3 sidelines, including 2...Nf6 3 g3 and 2...Nf6 3 Bf4} (9. Bxd6 Qxd6 10. O-O e5 11. dxe5 Nxe5 12. Nxe5 Qxe5 13. Re1 Rd8 14. h3 Bf5 15. Qc2 Bxd3 16. Qxd3 Rd7 17. Rad1 Rad8 18. Qc2 h6 19. Nf1 Ne4 20. Nd2 Nf6 21. Nf1 Ne4 22. Nd2 {½-½ (22) Berkes,F (2647)-Howell,D (2701) Budva 2019}) 9... e5 {Strongly threatening ...e4.} 10. dxe5 Nxe5 11. Nxe5 {The position is equal.} Bxe5 12. e4 {aiming for f4.} Bxg3 13. hxg3 Bg4 14. Qb1 c4 15. Bc2 {[#]} Rad8 $146 ({Predecessor:} 15... dxe4 16. Nxe4 Nxe4 17. Bxe4 {0-1 (38) Flom,G (2501)-Cornette,M (2600) Brest 2018}) 16. exd5 Rxd5 17. Ne4 Nd7 18. b3 Rh5 {...f5 is the strong threat.} 19. Bd1 {[#]} Ne5 (19... f5 $1 $17 {Threatens to win with ...Ne5.} 20. Bxg4 fxg4) 20. f4 (20. Bxg4 $11 Nxg4 21. Qd1) 20... Qb6+ $17 21. Nf2 Bf5 $36 {[%mdl 2048] Black is on the roll.} 22. Bc2 $2 {[%mdl 8192] [#]} (22. Qb2 $17 {is a better chance.} Nd3 23. Qd2) 22... Qg6 $1 $19 {[%csl LRc2,LRg3][%mdl 512]} 23. Ne4 (23. g4 $142 Bxc2 24. fxe5 Bxb1 25. gxh5 Qxh5 26. Raxb1) 23... Ng4 {( -> ...Rh1+!)} 24. Rf3 Bxe4 {Black mates.} 25. Bxe4 Qb6+ 26. Kf1 Rh1+ {[%mdl 64] Skewer} 27. Ke2 Rxb1 28. Bxb1 Re8+ 29. Kd2 Qd6+ 30. Kc1 Re2 {[%csl Ge2][%cal Rd6d2]} 31. Bc2 Qd2+ {[%mdl 64] Double Attack} 32. Kb2 Qxc2+ 33. Ka3 Qb2+ {[%mdl 64] Double Attack} 34. Kb4 Qxa1 35. f5 Re4 36. Rf4 Rxf4 37. gxf4 {[#]} Ne3 $1 38. f6 Qxa2 39. fxg7 Qxb3+ 40. Kc5 Qb6# {Accuracy: White = 17%, Black = 60%.} 0-1

[Event "12th Chennai Open 2020"]
[Site "Chennai"]
[Date "2020.01.19"]
[Round "1.17"]
[White "Karthik Venkataraman"]
[Black "Shree Ganesh Muthu Annamalai"]
[Result "1-0"]
[WhiteElo "2479"]
[BlackElo "1654"]
[Annotator "TA"]
[PlyCount "73"]
[EventDate "2020.01.19"]
[EventType "swiss"]
[EventCountry "IND"]
[SourceTitle "playchess.com"]
[Source "ChessBase"]
[SourceQuality "1"]

{[%evp 9,73,30,33,28,36,30,33,32,25,29,66,33,43,53,70,44,58,77,79,22,92,81,70,60,101,94,119,104,106,94,116,96,113,45,43,-21,-7,-28,-10,-21,-8,-66,-55,-109,-89,-104,-108,-111,-81,-85,-87,-108,-114,-97,-92,-85,-110,-93,0,0,331,331,327,321,352,343]} 1. e4 Nc6 2. Nf3 d6 3. d4 g6 4. h3 Bg7 5. Nc3 Nf6 6. d5 {B00: Queen's Fianchetto Defence, Nimzowitsch Defence} Nb8 7. Bc4 O-O 8. O-O {White is slightly better.} a6 9. a4 b6 (9... e5 10. dxe6 Bxe6 11. Bxe6 fxe6 12. e5 dxe5 13. Nxe5 Qxd1 14. Nxd1 {½-½ (31) Aronian,L (2765)-Zubov,A (2597) St Petersburg 2018}) 10. Re1 c6 $146 ({Predecessor:} 10... Bb7 11. Bf4 c6 12. Qe2 Nbd7 13. dxc6 Bxc6 {1-0 (69) Rukavina,J (2423)-Poropat,M (2055) Arco 2010}) 11. Bg5 $36 {[%mdl 2048] White is pushing.} cxd5 12. exd5 Bb7 13. Qd2 Nbd7 {[%cal Bb8d7,Bd7c5,Bc5a6,Ba6b4][%mdl 32]} 14. Bh6 (14. b3 $16) 14... Rc8 (14... b5 $1 $11 15. Bxg7 (15. axb5 Nb6 $16) 15... Kxg7 16. axb5 Nb6) 15. Bxg7 $16 Kxg7 16. Ba2 a5 17. Re3 Nc5 18. Rae1 Re8 19. Nd4 Qd7 20. Bc4 Ba6 21. Bxa6 (21. Bb5 $1 $16 {[%cal Rb5d7]} Bxb5 22. axb5) 21... Nxa6 $14 22. Rf3 (22. Rg3 $14) 22... Nb4 $1 $11 23. Nb3 Qb7 {[%cal Rb4d5]} 24. Rd1 Rc4 25. Qe2 (25. Nd4 $11) 25... Rec8 $15 26. Nd2 (26. Qd2 $15) 26... Rh4 27. Re1 Rc7 $1 ({Reject} 27... Nxc2 $6 28. Qxe7 Qxe7 29. Rxe7 $11) 28. Nde4 {Strongly threatening Rxf6!} Nxe4 ({Much weaker is} 28... Nfxd5 $6 29. Nb5 $11) 29. Nxe4 {Ng5 is the strong threat.} Qxd5 ({Wrong is} 29... Rxc2 $2 {[#]} 30. Rxf7+ $1 {[%mdl 512]} Kxf7 31. Nxd6+ $1 {[%mdl 512]} exd6 32. Qe8+ Kf6 33. Qd8+ Kf7 34. Qxh4 $18) 30. c3 Nc6 31. Re3 Ne5 32. Rd1 {[%cal Be1d1,Bd1d4,Bd4f4][%mdl 32]} Qc4 33. Qe1 Rf4 ({Better is} 33... Qa2 $17 34. Nxd6 {[%mdl 64] Remove Defender} exd6 35. Rxe5 Qxb2) 34. Rd4 $11 Qe6 $2 {[%mdl 8192]} (34... Qc6 $11) 35. Nxd6 $1 $18 {[%mdl 64] Discovered Attack} exd6 36. Rxf4 g5 37. Rd4 {Accuracy: White = 50%, Black = 61%.} 1-0

[Event "12th Chennai Open 2020"]
[Site "Chennai"]
[Date "2020.01.19"]
[Round "1.18"]
[White "Ajeet Singh, Roshan"]
[Black "Vishnu Prasanna. V"]
[Result "0-1"]
[WhiteElo "2038"]
[BlackElo "2474"]
[Annotator "TA"]
[PlyCount "32"]
[EventDate "2020.01.19"]
[EventType "swiss"]
[EventCountry "IND"]
[SourceTitle "playchess.com"]
[Source "ChessBase"]
[SourceQuality "1"]

{[%evp 14,62,7,20,12,16,0,-33,-31,-61,-60,-62,-43,-75,-82,-85,-67,-67,-56,-90,-58,-53,-54,-79,-28,-36,-37,-52,-50,-87,-77,-392,-387,-388,-378,-550,-542,-696,-688,-737,-729,-676,-700,-1347,-1256,-29998,-1841,-29989,-29989,-29986,-1402]} 1. d4 Nf6 2. c4 g6 3. Nf3 Bg7 4. Nc3 d6 5. e3 Nbd7 6. Bd3 O-O 7. O-O e5 8. Qc2 Re8 {E61: King's Indian: Early deviations for White, including Smyslov System} 9. dxe5 (9. b3 b6 10. Bb2 Bb7 11. d5 Nh5 12. e4 Nf4 13. Ne2 Nxd3 14. Qxd3 a5 15. Qc2 Nc5 16. a3 a4 17. b4 {0-1 (53) Magalashvili,D (2449)-Gelashvili,T (2622) Tbilisi 2008}) 9... dxe5 10. Nd2 Nc5 $146 {Black is slightly better.} ({Predecessor:} 10... c6 11. b3 Qe7 12. Bb2 Nf8 13. Rad1 Nh5 14. Nde4 f5 15. Ng3 Nf6 16. Be2 {1-0 (38) Radloff,R (1563)-Focke,W (1521) Berlin 2003}) 11. Be4 Nfxe4 12. Ndxe4 Nxe4 13. Qxe4 c6 14. Rd1 Qe7 {...Bf5 is the strong threat.} 15. Qc2 $1 e4 16. Ne2 Bg4 {Played: Qe7-g5} 0-1

[Event "12th Chennai Open 2020"]
[Site "Chennai"]
[Date "2020.01.19"]
[Round "1.19"]
[White "Vignesh N R"]
[Black "Nidheshpa S"]
[Result "1-0"]
[WhiteElo "2472"]
[BlackElo "1651"]
[Annotator "TA"]
[PlyCount "69"]
[EventDate "2020.01.19"]
[EventType "swiss"]
[EventCountry "IND"]
[SourceTitle "playchess.com"]
[Source "ChessBase"]
[SourceQuality "1"]

{[%evp 9,73,-1,14,0,49,0,0,0,0,0,3,0,0,-53,-60,-57,-56,-84,-40,-37,-34,-56,-25,-24,-20,-15,-16,-27,-23,-20,-9,-19,0,0,0,0,13,11,24,20,53,0,93,87,88,93,92,45,93,114,113,110,110,109,103,100,100,109,468,463,29987,5489,29993,29994,29995,29996]} 1. Nf3 d5 2. b3 Bg4 3. e3 e5 4. h3 Bxf3 5. Qxf3 e4 6. Qg3 {A06: Réti Opening:1 Nf3 d5} Qd6 $146 ({Predecessor:} 6... Nd7 7. Nc3 c6 8. Bb2 Nc5 9. Ne2 Nf6 10. Nf4 Rg8 11. h4 {½-½ (38) Artemiev,V (2746)-Kasimdzhanov,R (2657) Douglas 2019}) 7. Qg4 {[#] Threatens to win with Qc8+.} Nd7 8. Bb2 {The position is equal.} Ngf6 9. Qd1 c6 10. Be2 Qe6 11. Bg4 ({White should try} 11. O-O $11) 11... Nxg4 $15 12. Qxg4 f5 13. Qe2 Nf6 14. d3 Bd6 15. Nd2 Be5 16. Bxe5 Qxe5 17. O-O Qc3 18. Rfc1 O-O 19. a4 a5 20. Rab1 Rfe8 21. d4 Qb4 22. c3 Qd6 23. b4 f4 24. b5 h6 25. c4 (25. exf4 $14 Qxf4 26. Qe3) 25... Nh7 (25... fxe3 $11 26. Qxe3 Rab8) 26. bxc6 $16 bxc6 27. cxd5 cxd5 28. Rc5 f3 29. gxf3 Qg6+ 30. Kh2 Qh5 31. Rg1 Ng5 {[%csl Gg5][%cal Rh5h3]} 32. Qf1 {f4 is the strong threat.} Nxf3+ 33. Nxf3 exf3 $4 {[%mdl 8192]} (33... Qxf3 $16 {is tougher.} 34. Rxd5 Qf7) 34. Rc7 $18 g6 (34... g5 $18 35. Qb1 Re4) 35. Qb1 {Played: Qf1-b5} 1-0

[Event "12th Chennai Open 2020"]
[Site "Chennai"]
[Date "2020.01.19"]
[Round "1.20"]
[White "Chidvilash Sai Surapaneni"]
[Black "Taher, Yoseph Theolifus"]
[Result "0-1"]
[WhiteElo "1650"]
[BlackElo "2462"]
[Annotator "TA"]
[PlyCount "88"]
[EventDate "2020.01.19"]
[EventType "swiss"]
[EventCountry "IND"]
[SourceTitle "playchess.com"]
[Source "ChessBase"]
[SourceQuality "1"]

{[%evp 9,88,4,9,6,0,0,0,0,25,9,12,15,6,0,14,20,6,0,0,0,15,14,18,7,7,-20,-18,-18,0,0,0,0,0,0,0,0,0,-37,-26,-91,-30,-39,-15,-38,-37,-93,-95,-79,-54,-137,-34,-54,0,-39,-27,-106,-72,-360,-367,-683,-79,-81,-52,-81,-93,-181,-160,-168,-156,-160,-156,-1484,-1477,-29994,-29995,-29995,-29994,-29994,-29995,-29998,-29999]} 1. c4 e5 2. g3 c6 3. Bg2 d5 4. cxd5 cxd5 5. d4 e4 6. Nc3 {A20: English Opening: 1...e5} Nf6 7. Bg5 (7. Nh3 Bb4 8. O-O Bxc3 9. bxc3 O-O 10. f3 exf3 11. Rxf3 h6 12. Qf1 Nbd7 {½-½ (50) Aronian,L (2785)-Anand,V (2779) Doha 2016}) 7... Nbd7 8. f3 {[%cal Rf3e4] The position is equal.} exf3 9. Nxf3 {Nxd5! is the strong threat.} Be7 10. O-O O-O 11. Qd3 $146 ({Predecessor:} 11. Nh4 g6 12. Bh6 Re8 13. Nxd5 Nxd5 14. Bxd5 {1-0 (34) Moeller,H (2259)-Gebigke,M (2137) Berlin 2012}) 11... Nb6 12. Nh4 h6 13. Bxf6 Bxf6 14. Nf5 Re8 15. Rad1 Be6 {White should prevent ...Nc4.} 16. e4 Nc4 17. Rf2 Bxf5 18. exf5 Re3 19. Qc2 Nb6 20. Re2 Rxe2 21. Qxe2 Qd7 22. Qf3 Rd8 {[%cal Ba8d8,Bd8e8,Be8e4][%mdl 32]} 23. Bf1 Qe7 24. Ne2 (24. a3 $11 {remains equal.}) 24... Qb4 (24... Nc4 $17 25. b3 Ne3) 25. Qc3 Qa4 26. Qb3 Qd7 27. Bh3 ({Better is} 27. Qf3 $15) 27... Re8 $17 28. Nf4 Re4 29. Qc3 (29. Bg2 $1 $15) 29... Na4 (29... Qa4 $17 30. b3 Bxd4+ 31. Kh1 Bxc3 32. bxa4 d4) 30. Qb4 $15 Nb6 (30... b6 $15) 31. Bg2 Re8 32. g4 (32. a4 $11 {keeps the balance.}) 32... Qc7 33. Nxd5 $2 {[%mdl 8192] [#]} (33. Rf1 $17 {keeps fighting.}) 33... Nxd5 $19 34. Bxd5 $2 (34. Qc5 Qxc5 35. dxc5) 34... Qf4 $2 (34... Re2 $19 {and Black stays clearly on top.} 35. Kf1 Rc2 36. Bxf7+ Kxf7 37. Qb3+ Kf8 38. Qa3+ Be7) 35. Kh1 $17 Qxg4 36. Rg1 Qxf5 37. Qxb7 (37. Qb5 $17 {is a better defense.} Qc8 38. Bxb7) 37... Bxd4 $19 38. Rd1 Bb6 {[#] Strongly threatening ...Rd8.} 39. Bg2 Qe5 $40 {[%mdl 128] Threatens to win with ...Bc7. Black wants a kill.} 40. Rf1 $2 (40. Qd5 $17) 40... Bc7 {[%csl Gc7][%cal Re5h2]} 41. Kg1 Qxh2+ {Black mates.} 42. Kf2 Qg3+ 43. Kg1 Bb6+ 44. Kh1 Qh4+ 0-1